000 00404nam a2200169Ia 4500
003 GCL
008 140319s9999 xx 000 0 eng d
040 _aGCL /
_cGCL
082 0 4 _a920.71
_bG M
100 1 _aGOUBERT, PIERRE
245 1 0 _aMAZARIN /
_cGOUBERT, PIERRE
260 _a[S.N] :
_bLE LIVRE DE POCHE ،
_c1990
300 _a477 P
650 0 4 _aMEN
650 0 4 _aBIOGRAPHIES
942 _2ddc
_cBK
999 _c11300
_d11300